Central Library OPAC University of Rajshahi

خطبات عبد الحق ;; khutbat i Abdul Haq / (Record no. 85664)

MARC details
000 -LEADER
fixed length control field 00565nam a22001937a 4500
001 - CONTROL NUMBER
control field 85664
003 - CONTROL NUMBER IDENTIFIER
rucl marc code BD-RjUL
005 - DATE AND TIME OF LATEST TRANSACTION
control field 20250908152009.0
008 - FIXED-LENGTH DATA ELEMENTS--GENERAL INFORMATION
fixed length control field 250908s1939 pk ||||| |||| 00| 0 urd d
035 ## - SYSTEM CONTROL NUMBER
System control number (BD-RjUL) 85664
040 ## - CATALOGING SOURCE
Original cataloging agency BD-RjUL
Language of cataloging eng
Transcribing agency BD-RjUL
041 ## - LANGUAGE CODE
Language code of text/sound track or separate title urd
082 ## - DEWEY DECIMAL CLASSIFICATION NUMBER
Edition number 23
Classification number 891.439
Author mark and year ABD 1939
100 ## - MAIN ENTRY--PERSONAL NAME
Personal name عبد الحق ;; Abdul Haq
9 (RLIN) 16818
245 ## - TITLE STATEMENT
Title خطبات عبد الحق ;; khutbat i Abdul Haq /
Statement of responsibility, etc. عبد الحق ;; Abdul Haq
260 ## - PUBLICATION, DISTRIBUTION, ETC. (IMPRINT)
Place of publication, distribution, etc. Delhi :
Name of publisher, distributor, etc. Anjuman i tarqi ,
Date of publication, distribution, etc. 1939
300 ## - PHYSICAL DESCRIPTION
Pagination 553 p. ;
Size 21 cm
942 ## - ADDED ENTRY ELEMENTS (KOHA)
Source of classification or shelving scheme Dewey Decimal Classification
Koha item type Books
Holdings
Lost status Source of classification or shelving scheme Damaged status Not for loan Collection code Permanent Location Current Location Shelving location Date acquired Total Checkouts Full call number Date last seen Copy number Koha item type
  Dewey Decimal Classification   Not For Loan Non-fiction Central Library, University of Rajshahi Central Library, University of Rajshahi Reading Room 08/09/2025   U 891.439 ABD 1939 08/09/2025 C-1 Books